Olivia Rodrigo - Paroles jealousy, jealousy - Statistiques

Statistiques générales
  • Ce quiz a été pris 279 fois
  • Le résultat moyen est 265 sur 324
Statistiques - réponses
Hint Réponse % Correct
Couplet 1 | Pré-refrain I
99%
a
98%
be
97%
be,
97%
oh,
97%
(oh,
97%
oh)
97%
Oh,
97%
(oh-
97%
jealousy,
95%
jealousy
95%
Jealousy,
95%
my
95%
My
95%
so
95%
to
95%
Refrain Co
94%
Refrain Co-
94%
co-
94%
is
93%
know
91%
I'm
90%
me
90%
sick
90%
too
90%
all
89%
Bridge All
89%
myself
89%
of
89%
the
89%
then
89%
think,
89%
think
89%
win
89%
killing
88%
much
88%
don't
87%
else
87%
else)
87%
go
87%
slowly
87%
and
86%
And
86%
Anyone,
86%
anyone
86%
(anyone
86%
rather
86%
see
86%
But
85%
but
85%
you
85%
car,
82%
pretty
82%
wanna
82%
boyfriend
81%
perfect
81%
who
80%
not
79%
face,
78%
happy
78%
kids
78%
should
77%
are
75%
cool
75%
cool,
75%
every
75%
it
75%
it,
75%
true
75%
bad,
74%
can't
74%
good
74%
night
74%
your
74%
bodies
73%
(he-
73%
he-
73%
he,
73%
he)
73%
prettier,
73%
room
73%
want
73%
what
73%
even
72%
friends
72%
'Bout
71%
With
71%
(yeah)
71%
yeah,
71%
'Cause
70%
Happier,
70%
I'd
70%
in
70%
In
70%
life
70%
white
70%
comparison
69%
following
69%
for
69%
Got
69%
teeth
69%
on
68%
didn't
67%
kinda
67%
paper
67%
across
66%
girls
66%
let
66%
out
66%
care
65%
nice
65%
phone
65%
Started
65%
that
65%
them,
65%
daddy's
63%
like
63%
things
63%
Wish
63%
living
62%
photos
62%
vacation
62%
you're
60%
clothes
59%
it's
59%
throw
59%
vintage
59%
back
58%
getting
57%
everyone
56%
their
56%
Pré-refrain Their
56%
beauty's
55%
feels
55%
lack
55%
help
54%
Just
54%
God,
53%
weight
49%
again,
47%
crazy
44%
loss
43%
stand
40%
losing
39%
up
39%
sound
38%
caught
35%
get's,
34%
Aucun quiz correspondant
Distribution des résultats
% des personnes avec chaque résultat
Percentile par nombre de réponses
Votre historique - résultats
Vous n’avez pas pris ce quiz